| 000 | 00708nam a2200253Ia 4500 | ||
|---|---|---|---|
| 003 | OSt | ||
| 005 | 20221005040716.0 | ||
| 006 | a|||||r|||| 00| 0 | ||
| 007 | ta | ||
| 008 | 221004b |||||||| |||| 00| 0 eng d | ||
| 020 |
_a9788183151764 (pbk) _c400 |
||
| 024 | _a45 | ||
| 037 |
_b330, 10/12/2012, Vidyanidhi Prakashan _cTextual |
||
| 040 |
_aCRL _cCRL _beng |
||
| 041 |
_2eng _aeng |
||
| 082 | _aQ2, Q2 | ||
| 100 | _aRenou Louis | ||
| 245 | 0 | _aHinduism | |
| 260 |
_aDelhi _bNew Bharatiya Book Corporation India _c2012 |
||
| 300 |
_avi, 232p. _ccm. |
||
| 650 | _aRELIGION | ||
| 942 |
_hQ2, Q2 _cTEXL _2cc |
||
| 999 |
_c947350 _d947350 |
||